|
003 -Nazwa inst., której nr kontr. jest w polu 001 [,]
|
-
- @
- Nazwa instytucji, której n kontrolny jest w polu 001
- NUKAT
|
|
005 -DATA I CZAS OSTATNIEJ MODYFIKACJI [,]
|
-
- @
- pole kontrolne
- 20241231112042.0
|
|
020 -Międzynarod. znormalizowany nr książki - ISBN [ , ]
|
-
- a
- Numer ISBN
- 9788389901590
|
|
020 -Międzynarod. znormalizowany nr książki - ISBN [ , ]
|
-
- z
- Błędny ISBN (P)
- 97883899001590
|
|
040 -Instytucja sporządzająca opis [ , ]
|
-
- a
- Instytucja, która sporządziła opis (NP)
- KR U/GK
-
- b
- Język katalogowania
- pol
-
- e
- Zasady katalogowania
- rda
-
- c
- Instytucja, która sporządziła rekord (NP)
- KR U/GK
-
- d
- Instytucja, która zmodyfikowała rekord (P)
- KR U/MM
-
- d
- Instytucja, która zmodyfikowała rekord (P)
- Ł 30/JMs
-
- d
- Instytucja, która zmodyfikowała rekord (P)
- KR U/BMigs
-
- d
- Instytucja, która zmodyfikowała rekord (P)
- KR 93/MPs
-
- d
- Instytucja, która zmodyfikowała rekord (P)
- KAT 001/KC
-
- d
- Instytucja, która zmodyfikowała rekord (P)
- GL 001/ER
|
|
041 -Język dokumentu [0, ]
|
-
- a
- Język tekstu (P)
- angielski
-
- a
- Język tekstu (P)
- polski
|
|
942 -Rodzaj dokumentu [ , ]
|
-
- c
- Rodzaj dokumentu
- Książka
|
|
080 -Uniwersalna Klasyfikacja Dziesiętna [ , ]
|
-
- 2
- Identyfikator wydania tablic
- UDC-P058
-
-
- a
- Symbol klasyfikacji
- 629.014.7
-
- b
- Dopowiedzenie
- Pojazdy towarowe (ogólnie). Przewóz ładunków.
|
|
080 -Uniwersalna Klasyfikacja Dziesiętna [ , ]
|
-
- 2
- Identyfikator wydania tablic
- UDC-P058
-
-
- a
- Symbol klasyfikacji
- 656.1-049.5
-
- b
- Dopowiedzenie
- Bezpieczeństwo ruchu drogowego (sprawność i efektywność).
|
|
080 -Uniwersalna Klasyfikacja Dziesiętna [ , ]
|
-
- 2
- Identyfikator wydania tablic
- UDC-P058
-
-
- a
- Symbol klasyfikacji
- 656.01
-
- b
- Dopowiedzenie
- Zagadnienia organizacyjne w ogólności. Parkingi. Miejsca postojowe.
|
|
650 -Hasło przedmiotowe [ ,7]
|
-
- a
- Hasło przedmiotowe
- Transport towarowy
-
- z
- Określnik geograficzny
- Polska
-
- y
- Określnik chronologiczny
- 1990-.
-
-
|
|
650 -Hasło przedmiotowe [ ,7]
|
-
- a
- Hasło przedmiotowe
- Załadunek i wyładunek
-
- x
- Określnik rzeczowy
- środki bezpieczeństwa.
-
-
|
|
650 -Hasło przedmiotowe [ ,7]
|
-
- a
- Hasło przedmiotowe
- Zamocowania.
-
-
|
|
980 -Symbol UKD [ , ]
|
-
- a
- UKD
- 629.014.7:656-049.5:656.01
|
|
700 -Hasło dodatkowe - nazwa osobowa [1, ]
|
-
- a
- Nazwa osobowa (NP)
- Galor, Anna.
-
- e
- Określenie rodzaju współpracy
- Autor
-
|
|
700 -Hasło dodatkowe - nazwa osobowa [1, ]
|
-
- a
- Nazwa osobowa (NP)
- Jóźwiak, Zofia
-
- c
- Dopowiedzenie inne niż daty biograficzne (NP)
- (towaroznawstwo).
-
- e
- Określenie rodzaju współpracy
- Autor
-
|
|
700 -Hasło dodatkowe - nazwa osobowa [1, ]
|
-
- a
- Nazwa osobowa (NP)
- Wiśnicki, Bogusz
-
- d
- Daty biograficzne (NP)
- (1970- ).
-
- e
- Określenie rodzaju współpracy
- Autor
-
|
|
700 -Hasło dodatkowe - nazwa osobowa [1, ]
|
-
- a
- Nazwa osobowa (NP)
- Woś, Krzysztof.
-
- e
- Określenie rodzaju współpracy
- Autor
-
|
|
700 -Hasło dodatkowe - nazwa osobowa [1, ]
|
-
- a
- Nazwa osobowa (NP)
- Kryżan, Andrzej.
-
- e
- Określenie rodzaju współpracy
- Autor
-
|
|
700 -Hasło dodatkowe - nazwa osobowa [1, ]
|
-
- a
- Nazwa osobowa (NP)
- Galor, Przemysław.
-
- e
- Określenie rodzaju współpracy
- Autor
-
|
|
710 -Hasło dodatkowe - nazwa ciała zbiorowego [2, ]
|
-
- a
- Nazwa ciała zbiorowego lub nazwa geograficzna jako pierwszy element (NP)
- Akademia Morska (Szczecin).
-
- e
- Rodzaj współpracy
- Wydawca
-
-
|